HANDBOOK of soil sciences properties and processes

Saved in:
Bibliografiske detaljer
Hovedforfatter: Pan Ming Huang Yuncong Li
Format: Bog
Sprog:engelsk
Udgivet: Taylor & Francis Group, 2012
Tags: Tilføj Tag
Ingen Tags, Vær først til at tagge denne postø!

MARC

LEADER 00000nam a22000007a 4500
008 210120b ||||| |||| 00| 0 eng d
020 |a : 981-1-4398-0305-9 
100 |a Pan Ming Huang Yuncong Li 
245 |a HANDBOOK of soil sciences properties and processes  |c Pan Ming Huang Yuncong Li, Malcolm E.  
250 |b 2nd  |c Pan Ming Huang Yuncong Li, Malcolm E.  
260 |b Taylor & Francis Group,   |c 2012  |h Boca Raton  |i 689938  |l S591 .H19 
942 |a lcc  |c BK  |e Mr ogunleye 
952 |0 0  |1 0  |2 lcc  |4 0  |6 S0591 H19  |7 0  |9 1324  |a HOL  |b HOL  |d 2021-01-20  |l 0  |o S591 .H19  |p 2021-0137  |r 2021-01-20 00:00:00  |w 2021-01-20  |y BK 
999 |c 687  |d 687